000
00207 a2200097 4500
001
17747
100
_a
Paterson, T T
245
_a
Job evaluation
260
_a
_b
Business Books Ltd
_c
090
_c
13116
_d
13116
942
_a
NUST-CAE
_c
M
_c
3466
999
_c
252820
_d
252820